000 00355nam a2200145Ia 4500
008 230524s9999 xx 000 0 und d
020 _a8189297252
100 _aFaruqe Qurashi
_936609
245 0 _aAbdul Kalam
250 _a2 nd ed.
260 _bVijay Goal
500 _aQuantity Number: 1
650 _aPersonality Development
_936610
942 _cBK
999 _c50663
_d50663